Bilecik Bilecik Bilecik Bilecik Bilecik

Design for six sigma in technology and product development/ (Record no. 1500)

MARC details
000 -BAŞLIK
Sabit Uzunluktaki Kontrol Alanı 03804nam a22003257a 4500
001 - KONTROL NUMARASI
Control Dosyası 0001513
003 - KONTROL NUMARASI KİMLİĞİ
Kontrol Alanı KOHA_MİRAKIL
005 - EN SON İŞLEM TARİHİ ve ZAMANI
Kontrol Alanı 20260207001244.0
007 - FİZİKSEL TANIM SABİT ALAN - GENEL BİLGİ
Sabit uzunluklu kontrol alanı ta
008 - SABİT UZUNLUKTAKİ VERİ ÖGELERİ - GENEL BİLGİ
Sabit Alan 090217b2003 us |||gr||||#||||0|eng |
020 ## - ISBN - ULUSLARARASI STANDART KİTAP NUMARASI
Isbn 0130092231
Nitelik bilgileri
Kullanılabilirlik koşulları 26,012999999999998
040 ## - KATALOGLAMA KAYNAĞI
Özgün Kataloglama Kurumu TR-BiSEU
Kataloglama Dili tur
Çeviri Kurumu TR-BiSEU
Açıklama Kuralları rda
041 0# - DİL KODU
Metin ya da ses kaydının dil kodu eng
044 ## - YAYINLAYAN/ÜRETEN KURULUŞUN ÜLKE KODU
ISO country code us
050 ## - SINIFLAMA ve YER NUMARASI
Sınıflama Numarası TS156
Yer Numarası .C74 2003
100 1# - KİŞİ ADI
Yazar Adı (Kişi adı) Creveling, Clyde M..
245 1# - ESER ADI BİLDİRİMİ
Başlık Design for six sigma in technology and product development/
Sorumluluk Bildirimi Clyde M. Creveling ; Clyde M. Creveling, J. L. Slutsky and D. Antis.
264 #1 - ÜRERİM, YAYIN, DAĞITIM ve TELİF BİLDİRİMİ
Yayın yeri Upper Saddle River, N.J. :
Yayınlayan Prentice Hall
Yayın tarihi 2003
300 ## - FİZİKSEL TANIMLAMA
Sayfa, Cilt vb. xxviii, 768 sayfa: resimli
336 ## - İÇERİK TÜRÜ
Content type term metin
Content type code txt
Source rdacontent
337 ## - MEDYA TÜRÜ
Media type term aracısız
Media type code n
Source rdamedia
338 ## - TAŞIYICI TÜRÜ
Carrier type term cilt
Carrier type code nc
Source rdacarrier
500 ## - GENEL NOT
Genel Not Includes bibliographical references and index.
505 ## - İÇİNDEKİLER NOTU
İçindekiler Notu Foreword xv
650 #0 - KONU BAŞLIĞI EK GİRİŞ - KONU TERİMİ
Konusal terim veya coğrafi ad Kalite kontrolü--İstatistiksel metodlar.
9 (RLIN) 4807
650 #0 - KONU BAŞLIĞI EK GİRİŞ - KONU TERİMİ
Konusal terim veya coğrafi ad Deneysel tasarım .
9 (RLIN) 4808
650 #0 - KONU BAŞLIĞI EK GİRİŞ - KONU TERİMİ
Konusal terim veya coğrafi ad Quality control--Statistical methods.
9 (RLIN) 4809
650 #0 - KONU BAŞLIĞI EK GİRİŞ - KONU TERİMİ
Konusal terim veya coğrafi ad Experimental design.
9 (RLIN) 4810
942 ## - EK GİRİŞ ÖGELERİ (KOHA)
Source of classification or shelving scheme Library of Congress Classification
Koha item type Book
505 ## - İÇİNDEKİLER NOTU
-- Preface xvii
-- Acknowledgments xxvii
-- PART I Introduction to Organizational Leadership, Financial Performance,
-- and Value Management Using Design For Six Sigma 1
-- CHAPTER 1 The Role of Executive and Management Leadership in Design
-- For Six Sigma 3
-- CHAPTER 2 Measuring Financial Results from DFSS Programs and Projects 13
-- CHAPTER 3 Managing Value with Design For Six Sigma 29
-- PART II Introduction to the Major Processes Used in Design For Six Sigma
-- in Technology and Product Development 45
-- CHAPTER 4 Management of Product Development Cycle-Time 47
-- CHAPTER 5 Technology Development Using Design For Six Sigma 71
-- CHAPTER 6 Product Design Using Design For Six Sigma 111
-- CHAPTER 7 System Architecting, Engineering, and Integration Using Design
-- For Six Sigma 177
-- PART III Introduction to the Use of Critical Parameter Management in Design
-- For Six Sigma in Technology and Product Development 249
-- CHAPTER 8 Introduction to Critical Parameter Management 251
-- CHAPTER 9 The Architecture of the Critical Parameter Management Process 257
-- CHAPTER 10 The Process of Critical Parameter Management
-- in Product Development 265
-- CHAPTER 11 The Tools and Best Practices of Critical Parameter Management 309
-- CHAPTER 12 Metrics for Engineering and Project Management Within CPM 321
-- CHAPTER 13 Data Acquisition and Database Architectures in CPM 331
-- PART IV Tools and Best Practices for Invention, Innovation, and
-- Concept Development 337
-- CHAPTER 14 Gathering and Processing the Voice of the Customer: Customer
-- Interviewing and the KJ Method 341
-- CHAPTER 15 Quality Function Deployment: The Houses of Quality 361
-- CHAPTER 16 Concept Generation and Design for x Methods 381
-- CHAPTER 17 The Pugh Concept Evaluation and Selection Process 399
-- CHAPTER 18 Modeling: Ideal/Transfer Functions, Robustness Additive Models,
-- and the Variance Model 411
-- PART V Tools and Best Practices for Design Development 435
-- CHAPTER 19 Design Failure Modes and Effects Analysis 437
-- CHAPTER 20 Reliability Prediction 449
-- CHAPTER 21 Introduction to Descriptive Statistics 471
-- CHAPTER 22 Introduction to Inferential Statistics 479
-- CHAPTER 23 Measurement Systems Analysis 495
-- CHAPTER 24 Capability Studies 507
-- CHAPTER 25 Multi-Vari Studies 519
-- CHAPTER 26 Regression 529
-- CHAPTER 27 Design of Experiments 549
-- PART VI Tools and Best Practices for Optimization 569
-- CHAPTER 28 Taguchi Methods for Robust Design 571
-- CHAPTER 29 Response Surface Methods 601
-- CHAPTER 30 Optimization Methods 615
-- PART VII Tools and Best Practices for Verifying Capability 629
-- CHAPTER 31 Analytical Tolerance Design 631
-- CHAPTER 32 Empirical Tolerance Design 671
-- CHAPTER 33 Reliability Evaluation 687
-- CHAPTER 34 Statistical Process Control 707
--
Holdings
Materyal Türü Kalıcı Konum Mevcut Konum Raf Yeri Sınıflandırma Kaynağı Edinim Bilgisi Ana Konular Alt Konular Yer Numarası Demirbaş Numarası Fatura Tarihi Maliyet, Alış Fiyatı Maliyet, Yenileme Fiyatı Geri Çekilme Durumu Kayıp Durumu Hasarlı Durumu Kredi için değil Kayıt Tarih Toplam Ödünçverme Son Görülme Tarihi Son Kontrol Tarihi
Book Prof. Dr. Azmi Özcan Kütüphanesi Prof. Dr. Azmi Özcan Kütüphanesi Birûni Salonu Library of Congress Classification Satın TEKNOLOJİ İmalat TS156 .C74 2003 0001513 12/12/2008 28.09 28.09         17/02/2009 1 05/12/2024 05/12/2024